LEADER 00873nam0-22002891i-450- 001 990006203060403321 005 19980601 035 $a000620306 035 $aFED01000620306 035 $a(Aleph)000620306FED01 035 $a000620306 100 $a19980601d1960----km-y0itay50------ba 105 $a--------00-yy 200 1 $aElementi di contabilita' di Stato con richiami all'ordinamento contabile delle Regioni, dei Comuni e di altri Enti pubblici$fCalogero Bentivenga. 205 $a3. ed. riv. - 210 $aMilano$cGiuffre'$d1960 215 $aXI,, 628 p.$d24 cm 676 $a343.04 700 1$aBentivenga,$bCalogero$0109899 801 0$aIT$bUNINA$gRICA$2UNIMARC 901 $aBK 912 $a990006203060403321 952 $aXIV E 40$b59720$fFGBC 959 $aFGBC 996 $aElementi di contabilitą di Stato$9269684 997 $aUNINA DB $aGIU01 LEADER 01248nam 2200385 450 001 000008358 005 20050718115300.0 010 $a88-408-0494-3 100 $a20010607d1983----km-y0itay0103----ba 101 0 $aita 102 $aIT 200 1 $aFisica generale$eelettricitą, magnetismo, ottica$fLionel Lovitch, Sergio Rosati 205 $a2. ed. 210 $aMilano$cCasa Editrice Ambrosiana$d1983 215 $aXVI, 800 p.$cill.$d24 cm. 606 $aFisica 676 $a530$v(20. ed.)$9Fisica 700 1$aLovitch,$bLionel$08249 701 1$aRosati,$bSergio$07609 801 0$aIT$bUniversitą della Basilicata - B.I.A.$gRICA$2unimarc 912 $a000008358 996 $aFisica generale$933910 997 $aUNIBAS BAS $aMONSCI BAS $aMONOGR BAS $aSCIENZE CAT $aTORRE$b20$c20010607$lBAS01$h1020 CAT $aTORRE$b20$c20010607$lBAS01$h1044 CAT $c20050601$lBAS01$h1754 CAT $abatch$b01$c20050718$lBAS01$h1049 CAT $c20050718$lBAS01$h1109 CAT $c20050718$lBAS01$h1139 CAT $c20050718$lBAS01$h1153 FMT Z30 -1$lBAS01$LBAS01$mBOOK$1BASA2$APolo Tecnico-Scientifico$2DID$BDidattica$3PTS.s2.p44.7A$63690$5M3690$820010607$f04$FPrestabile Didattica LEADER 01416nas 2200481 c 450 001 9910895515603321 005 20260218110600.0 035 $a(CKB)1000000000527430 035 $a(DE-599)ZDB2272927-6 035 $a(OCoLC)1184395915 035 $a(OCoLC)645553152 035 $a(DE-101)98336155X 035 $a(DE-599)2272927-6 035 $a(EXLCZ)991000000000527430 100 $a20070302b19401941 |y | 101 0 $ager 135 $aur||||||||||| 181 $ctxt$2rdacontent 182 $cc$2rdamedia 183 $acr$2rdacarrier 200 00$a8-Uhr-Abendblatt 210 31$aShanghai$cWerbeverl. Kohn$d1940-1941 210 21$aShanghai$cVerl. Neues 8-Uhr-Bl.$danfangs 215 $aOnline-Ressource 300 $aGesehen am 14.09.2018 517 3 $aShanghai-Woche / 8-Uhr-Abendblatt 517 3 $aAcht-Uhr-Abendblatt 606 $aDeutsche$3(DE-588)4070334-4$3https://d-nb.info/gnd/4070334-4$3(DE-101)040703347$2gnd 606 $aExil$3(DE-588)4015959-0$3https://d-nb.info/gnd/4015959-0$3(DE-101)040159590$2gnd 607 $aSchanghai$2gnd 608 $aZeitung$2gnd-content 608 $aQuelle$2gnd-content 615 7$aDeutsche. 615 7$aExil. 676 $a900 686 $a16.5$qDE-101$2sswd 801 0$b0019 801 1$bDE-101 801 2$b9999 906 $aJOURNAL 912 $a9910895515603321 996 $a8-Uhr-Abendblatt$94232126 997 $aUNINA